000
00353nam a2200157Ia 4500
008
100122s9999 xx 000 0 und d
082
_b
7645
_a
823
100
_a
BENTLEY
245
_a
TRENTO LAST CASE
250
_a
0
260
_b
PENGUIN BOOKS
_c
1937
300
_a
50
630
_a
TRENTO LAST CASE
730
_a
TRENTO LAST CASE
942
_c
BOOK
999
_c
443619
_d
443616